[Event "Tenerife-ch"]
[Site "Santa Cruz"]
[Date "2022.04.22"]
[Round "2"]
[White "Febles Dominguez, Alfonso Jesus"]
[Black "Paredes Zubeldia, Marisol"]
[Result "0-1"]
[WhiteElo "1291"]
[BlackElo "1150"]
[PlyCount "96"]
[EventDate "2022.04.20"]
[EventType "swiss"]
[EventRounds "9"]
[EventCountry "ESP"]
[SourceTitle "EXT 2023"]
[Source "ChessBase"]
[SourceDate "2022.10.05"]
[SourceVersion "1"]
[SourceVersionDate "2022.10.05"]
[SourceQuality "1"]

1. e4 c5 2. Nf3 d6 3. d4 cxd4 4. Nxd4 g6 5. Nc3 Bg7 6. Be3 Nf6 7. Bb5+ Nbd7 8. 0-0 0-0 9. Re1 a6 10. Bd3 e5 11. Nf3 b5 12. a3 Bb7 13. Qd2 Ng4 14. h3 Nxe3 15. Qxe3 Nf6 16. Rad1 Nh5 17. g3 Qd7 18. Bf1 f5 19. Bg2 f4 20. Qb6 Bc6 21. g4 a5 22. gxh5 Rfb8 23. Qc5 Rd8 24. Nxe5 Bxe5 25. Qxe5 dxe5 26. Rxd7 Rxd7 27. hxg6 hxg6 28. Nd5 Bxd5 29. exd5 Re8 30. Be4 Kg7 31. Kh2 Kf6 32. Rg1 g5 33. f3 Red8 34. b3 Rxd5 35. Bxd5 Rxd5 36. Rc1 Rd2+ 37. Kg1 Kf5 38. c4 bxc4 39. bxc4 e4 40. fxe4+ Kxe4 41. c5 Ke3 42. c6 Rd8 43. c7 Rc8 44. Re1+ Kf3 45. Re7 Kg3 46. Rh7 f3 47. a4 f2+ 48. Kf1 Re8 0-1

[Event "Tenerife-ch (Women)"]
[Site "Santa Cruz de Tenerife"]
[Date "2022.03.30"]
[Round "7.2"]
[White "Mukhi Talreja, Ishita Tina"]
[Black "Paredes Zubeldia, Marisol"]
[Result "0-1"]
[WhiteElo "1496"]
[BlackElo "1150"]
[PlyCount "132"]
[EventDate "2022.03.16"]
[EventType "swiss"]
[EventRounds "7"]
[EventCountry "ESP"]
[SourceTitle "EXT 2024"]
[Source "ChessBase"]
[SourceDate "2023.10.10"]
[SourceVersion "1"]
[SourceVersionDate "2023.10.10"]
[SourceQuality "1"]

1. c4 g6 2. g3 Bg7 3. Bg2 Nf6 4. Nc3 0-0 5. e3 d6 6. Nge2 Nc6 7. 0-0 Bf5 8. d4 Qc8 9. Re1 Bh3 10. Bh1 Rb8 11. Nf4 e5 12. Nxh3 Qxh3 13. Bg2 Qc8 14. b3 exd4 15. exd4 Ng4 16. Be3 Qf5 17. Qf3 Nxd4 18. Qxf5 gxf5 19. Rac1 c6 20. h3 Nxe3 21. fxe3 Ne6 22. Rf1 Bh6 23. Rce1 Ng7 24. Re2 Rbe8 25. e4 Nh5 26. Rf3 Bg7 27. g4 fxg4 28. hxg4 Bd4+ 29. Kf1 Nf6 30. Rg3 Kh8 31. g5 Nh5 32. Rf3 Be5 33. Kf2 Nf4 34. Bh3 Nxe2 35. Nxe2 Kg7 36. Bf5 f6 37. Rh3 Rh8 38. gxf6+ Bxf6 39. Nf4 Bd4+ 40. Kf3 Be5 41. Ne6+ Rxe6 42. Bxe6 h5 43. Rh1 h4 44. Rg1+ Bg3 45. Bh3 Kf6 46. Ke3 Rf8 47. Rf1+ Ke7 48. Rxf8 Kxf8 49. b4 Ke7 50. a4 Kf6 51. Kd4 Bf2+ 52. Kd3 Ke5 53. Bf5 c5 54. bxc5 dxc5 55. Bh3 b6 56. Bf5 Kf4 57. Ke2 Bd4 58. Kf1 Ke3 59. Kg2 Kd3 60. e5+ Kxc4 61. e6 Bf6 62. Bg6 Be7 63. Be8 a6 64. Kf3 b5 65. axb5 axb5 66. Ke3 b4 0-1

[Event "Tenerife Spring op"]
[Site "Tenerife"]
[Date "2020.03.06"]
[Round "1.10"]
[White "Paredes Zubeldia, Marisol"]
[Black "Fernandez Vazquez, Jorge"]
[Result "0-1"]
[WhiteElo "1123"]
[BlackElo "1971"]
[PlyCount "68"]
[EventDate "2020.03.06"]
[EventType "swiss"]
[EventRounds "9"]
[EventCountry "ESP"]
[SourceTitle "EXT 2024"]
[Source "ChessBase"]
[SourceDate "2023.10.10"]
[SourceVersion "1"]
[SourceVersionDate "2023.10.10"]
[SourceQuality "1"]

1. e4 c6 2. c3 d5 3. e5 c5 4. d4 Nc6 5. Nf3 Bg4 6. Be3 Qb6 7. b3 cxd4 8. cxd4 e6 9. Be2 Bb4+ 10. Nfd2 Bxe2 11. Qxe2 Nxd4 12. Qd3 Bc5 13. 0-0 Ne7 14. Na3 Nec6 15. Bxd4 Bxd4 16. Rab1 Nxe5 17. Qg3 0-0 18. Nc2 Nc6 19. Nf3 Bf6 20. Rbe1 Rac8 21. Ne3 g6 22. Ng4 Bg7 23. Qh4 Qd8 24. Ng5 h5 25. f4 Nd4 26. Qh3 Rc3 27. Ne3 Nc2 28. Re2 Rxe3 29. Rxe3 Bd4 30. Rff3 Nxe3 31. Kh1 Ng4 32. Qh4 Qc8 33. Qe1 Qc2 34. Nxe6 Re8 0-1

[Event "Tenerife-ch (Women)"]
[Site "Tenerife"]
[Date "2020.01.27"]
[Round "6"]
[White "Paredes Zubeldia, Marisol"]
[Black "Redondo Terron, Eva"]
[Result "1-0"]
[WhiteElo "1128"]
[BlackElo "1100"]
[PlyCount "73"]
[EventDate "2020.01.15"]
[EventType "tourn"]
[EventRounds "7"]
[EventCountry "ESP"]
[SourceTitle "CBM 195 Extra"]
[Source "ChessBase"]
[SourceDate "2020.05.31"]
[SourceVersion "1"]
[SourceVersionDate "2020.05.31"]
[SourceQuality "1"]

1. f4 e6 2. Nf3 Nc6 3. e3 a6 4. Be2 d5 5. 0-0 Nf6 6. b3 Bc5 7. Ne5 0-0 8. d4 Bd6 9. a3 Ne4 10. Bd3 f5 11. Qh5 Nf6 12. Qh3 Ne4 13. Rf3 Qe8 14. Bxe4 dxe4 15. Rg3 Bxe5 16. dxe5 g6 17. Qh6 Rf7 18. Rh3 Qd7 19. Nc3 b5 20. b4 a5 21. Bb2 axb4 22. Rd1 Qe7 23. Nxb5 Bb7 24. Nd6 Rd8 25. Nxf7 Rxd1+ 26. Kf2 Qxf7 27. axb4 Rd2+ 28. Kg3 Nxb4 29. Bc3 Rxc2 30. Bxb4 Rb2 31. Bf8 Ba6 32. Ba3 Rb3 33. Bc5 Rc3 34. Bb4 Rxe3+ 35. Kh4 Rxh3+ 36. gxh3 Qd7 37. Qf8# 1-0

[Event "Tenerife-chT Segunda-B 1819"]
[Site "Tenerife"]
[Date "2019.01.12"]
[Round "4.3"]
[White "Paredes Zubeldia, Marisol"]
[Black "Cordero Alamo, Ramon"]
[Result "0-1"]
[WhiteElo "1100"]
[BlackElo "1342"]
[PlyCount "62"]
[EventDate "2018.11.24"]
[EventType "team-tourn"]
[EventRounds "18"]
[EventCountry "ESP"]
[SourceTitle "CBM 189 Extra"]
[Source "ChessBase"]
[SourceDate "2019.06.03"]
[SourceVersion "1"]
[SourceVersionDate "2019.06.03"]
[SourceQuality "1"]
[WhiteTeam "Circulo de Amistad XII Enero III"]
[BlackTeam "Ebano Barrio Nuevo IV"]
[WhiteTeamCountry "ESP"]
[BlackTeamCountry "ESP"]

1. e4 e6 2. e5 d5 3. d4 c5 4. c4 dxc4 5. Bxc4 cxd4 6. Nf3 Nc6 7. 0-0 Nge7 8. b3 Ng6 9. Bb5 Bc5 10. Ba3 Bxa3 11. Nxa3 0-0 12. Bxc6 bxc6 13. Nxd4 Qd5 14. f4 Rd8 15. Nf3 Ba6 16. Nc4 Bxc4 17. bxc4 Qc5+ 18. Kh1 Rxd1 19. Raxd1 Nxf4 20. Ng5 Qxe5 21. h4 Rf8 22. Rd7 h6 23. Nf3 Qe2 24. Rg1 Qxa2 25. c5 Ne2 26. Re1 Ng3+ 27. Kh2 Nf5 28. Kh3 Qa5 29. Rc1 Rd8 30. Rcd1 Rxd7 31. Rxd7 Qxc5 0-1

[Event "Tenerife-chT Segunda 1617"]
[Site "Tenerife"]
[Date "2017.05.06"]
[Round "14.4"]
[White "Paredes Zubeldia, Marisol"]
[Black "Cortes Cardenas, Giovanni"]
[Result "0-1"]
[WhiteElo "1155"]
[BlackElo "1458"]
[PlyCount "74"]
[EventDate "2016.12.10"]
[EventType "team-tourn"]
[EventRounds "15"]
[EventCountry "ESP"]
[SourceTitle "EXT 2018"]
[Source "ChessBase"]
[SourceDate "2017.10.13"]
[SourceVersion "1"]
[SourceVersionDate "2017.10.13"]
[SourceQuality "1"]
[WhiteTeam "Circulo de Amistad III"]
[BlackTeam "Al Shah Mat Los Realejos II"]
[WhiteTeamCountry "ESP"]
[BlackTeamCountry "ESP"]

1. c4 Nf6 2. Nc3 e6 3. d3 Nc6 4. d4 Be7 5. e4 d6 6. Nf3 Bd7 7. e5 dxe5 8. dxe5 Ng8 9. Bf4 a5 10. Be2 Bc5 11. Qd2 Bc8 12. Rd1 Qxd2+ 13. Rxd2 Nge7 14. Ne4 Ba7 15. Bg5 0-0 16. 0-0 Nf5 17. Rfd1 h6 18. Nf6+ gxf6 19. Bxf6 Ng7 20. c5 Bxc5 21. Bb5 Nh5 22. Bxc6 bxc6 23. Nd4 Bb7 24. Rd3 Nxf6 25. exf6 Rad8 26. Rg3+ Kh8 27. Rg7 Bxd4 28. Rg3 Bxf2+ 29. Kxf2 Rxd1 30. Rh3 Kh7 31. g4 Rg8 32. Rh5 Rd2+ 33. Kf3 c5+ 34. Kf4 Rd4+ 35. Kg3 Rg5 36. h3 Rd3+ 37. Kf2 Rf3+ 0-1

[Event "Tenerife-chT Segunda 1617"]
[Site "Tenerife"]
[Date "2016.12.17"]
[Round "2.3"]
[White "Paredes Zubeldia, Marisol"]
[Black "Rodriguez Torres, Cristo"]
[Result "0-1"]
[WhiteElo "1155"]
[BlackElo "1832"]
[PlyCount "28"]
[EventDate "2016.12.10"]
[EventType "team-tourn"]
[EventRounds "15"]
[EventCountry "ESP"]
[SourceTitle "CBM 176 Extra"]
[Source "ChessBase"]
[SourceDate "2017.03.02"]
[SourceVersion "1"]
[SourceVersionDate "2017.03.02"]
[SourceQuality "1"]
[WhiteTeam "Circulo de Amistad III"]
[BlackTeam "Circulo de Amistad"]
[WhiteTeamCountry "ESP"]
[BlackTeamCountry "ESP"]

1. e4 d6 2. d4 Nf6 3. Nc3 g6 4. d5 Bg7 5. Qd4 0-0 6. Nf3 c5 7. dxc6 Nxc6 8. Qe3 Ng4 9. Qe2 Qb6 10. h3 Nf6 11. Na4 Qb4+ 12. Nc3 Nxe4 13. Qxe4 Bxc3+ 14. bxc3 Qxe4+ 0-1